000
00324nam a22001457a 4500
008
210311b ||||| |||| 00| 0 eng d
020
_a
97803219227040
041
_a
eng
080
_2
10th
_a
611
082
_a
611
100
_a
7
101
_a
ANA
245
_a
Human Anatomy & Physiology
_c
Marieb,E.N
942
_2
udc
_c
BK
999
_c
56304
_d
56304